Kinh tế thế giới 2000 - 2001 : Đặc điểm và triển vọng [Sách tham khảo]
Tallennettuna:
| Päätekijä: | |
|---|---|
| Aineistotyyppi: | Kirja |
| Julkaistu: |
Chính trị quốc gia
2001
|
| Tagit: |
Lisää tagi
Ei tageja, Lisää ensimmäinen tagi!
|
| Thư viện lưu trữ: | Mạng thư viện Đại học Đà Nẵng |
|---|
| LEADER | 00602nam a2200229 a 4500 | ||
|---|---|---|---|
| 001 | 000029645 | ||
| 003 | 13027 | ||
| 005 | 20171030145630.0 | ||
| 008 | 171030s2001 | ||
| 020 | |c 30000 | ||
| 040 | |a LTT | ||
| 082 | 0 | |a 337 |b KI-N | |
| 100 | 1 | |a Kim Ngọc | |
| 245 | 0 | 0 | |a Kinh tế thế giới 2000 - 2001 : Đặc điểm và triển vọng [Sách tham khảo] |c Kim Ngọc. |
| 260 | |b Chính trị quốc gia |c 2001 | ||
| OWN | |a LTT | ||
| 999 | |a From the UDN01 | ||
| TYP | |a Monograph | ||
| TYP | |a Printed language | ||
| 980 | |a Mạng thư viện Đại học Đà Nẵng | ||